{"text_format":"2","workbook":"xlsx","n_sheets":1,"sheets":["Planilha1"],"not_rendered":{"charts":0,"images":1,"macros":0,"external_links":0,"defined_names":1,"comments":0,"pivot_tables":0},"unopened":[],"bounds":{"document_bytes":16777216,"sheet_cells":100000,"run_cost":"one","rows_first":2000,"rows_last":500,"rows_between":2000,"halvings":0,"cell_chars":16384,"cell_head_chars":4096},"cells_cut":0,"cells_raw":0,"read":"whole","date_system":"1900"}

{"sheet":"Planilha1","index":0,"n_rows":12,"n_cols":7,"rows_kept":12,"cut":false,"hidden":false,"merged":[[0,0,0,6],[1,1,1,6],[2,0,2,6]]}
["Ministério da Integração e do Desenvolvimento Regional - MIDR"]
[null," Companhia de Desenvolvimento dos Vales do São Francisco e do Parnaíba - CODEVASF"]
["ANEXO II - DESCRIÇÕES, ESPECIFICAÇÕES, QUANTIDADES E PREÇOS"]
["ITEM","CATMAT","DESCRIÇÃO/ESPECIFICAÇÃO","UNIDADE DE MEDIDA","QUANTIDADE","VALOR UNITÁRIO","TOTAL"]
[1,296789,"Ração em pó para peixes com 50 a 56% de proteína bruta. Validade mínima 180 dias. Apresentação: pó fino; proteina bruta (%): 52%; fibra bruta max (%) 5 a 7; materia mineral máx.(%): 10 a 14; extrato etéreo min (%): 8 a 10; calcio max : 2 a 3,5; fosforo min (%): 0,6 a 1; umidade (%): 10 a 13; vitamina a (ui): 10.000; vitamina d3 (ui): 2500 a 3500; vitamina e (mg): 100 a 150 ; vitamina k3 (mg): 10 a 15; tiamina b1 (mg): 20 a 25; piridoxina b6 (mg): 20 a 25; riboflavina b2 (mg:) 20 a 25; vitamina b12 (mg) :30 a 35; acido pantetonico (mg): 40 a 50; niacina (mg): 150; colina (mg): 700 a 1000; biotina (mg): 0,4 a 0,5; inositol (mg): 80 a 100; acido folico (mg): 8 a 10; vitamina c fosf. (mg): 300 a 350; manganes (mg): 15 a 20; zinco (mg): 100; ferro (mg): 70 a 80; cobre (mg): 7 a 9; cobalto (mg): 0,2; iodo (mg); 0,6; selenio (mg): 0,12 a 0,3.","kg",8000,7.95,{"$f":"F5*E5","v":63600}]
[2,453424,"Ração para peixes com 40 a 45% de proteína bruta. Validade mínima 180 dias. Apresentação: pelete extrusada de 0,8 – 2,0mm; proteína bruta (%): 45%; fibra bruta max (%) 5 a 7; matéria mineral máx.(%): 10 a 14; extrato etéreo min (%): 8 a 10; cálcio max : 2 a 3,5; fósforo min (%): 0,6 a 1; umidade (%): 10 a 13; vitamina a (ui): 10.000; vitamina d3 (ui): 2500 a 3500; vitamina e (mg): 100 a 150 ; vitamina k3 (mg): 10 a 15; tiamina b1 (mg): 20 a 25; piridoxina b6 (mg): 20 a 25; riboflavina b2 (mg:) 20 a 25; vitamina b12 (mg) :30 a 35; acido pantetonico (mg): 40 a 50; niacina (mg): 150; colina (mg): 700 a 1000; biotina (mg): 0,4 a 0,5; inositol (mg): 80 a 100; acido folico (mg): 8 a 10; vitamina c fosf. (mg): 300 a 350; manganes (mg): 15 a 20; zinco (mg): 100; ferro (mg): 70 a 80; cobre (mg): 7 a 9; cobalto (mg): 0,2; iodo (mg); 0,6; selenio (mg): 0,12 a 0,3.","kg",4000,12.3,{"$f":"F6*E6","v":49200}]
[3,414383,"Ração para peixes com 32 a 36% proteína bruta. Validade mínima 180 dias. Apresentação: pelet extrusada; tamanho (mm); 2 a 4; proteína bruta (%): 36%; fibra bruta max(%) 6 a 8; matéria mineral(%): 10 a 14; extrato etéreo  min (%) 3 a 4; cálcio max : 1 a 3; fósforo min (%): 04 a 0,8; umidade (%): 13; vitamina a (ui): 9000; vitamina d3 (ui);: 2400; vitamina e (mg): 100; vitamina k3 (mg): 13; tiamina b1 (mg): 20; piridoxina b6 (mg): 20; riboflavina b2 (mg:) 20; vitamina b12 (mg) :25; acido pantetonico (mg): 50; niacina (mg): 100; colina (mg): 1000; biotina (mg): 0,2; inositol (mg): 40; acido folico (mg): 5; vitamina c fosf. (mg): 300;manganes (mg): 25; zinco (mg): 95; ferro (mg): 70; cobre (mg): 9; cobalto (mg): 0,2; iodo (mg); 0,6; selenio (mg): 0,12 a 0,3.","kg",6000,6.1,{"$f":"E7*F7","v":36600}]
[4,453430,"Ração para peixes com 32% proteína bruta. Validade mínima 180 dias. Apresentação: pelet extrusada: tamanho (mm); 6 a 8; proteína bruta (%): 32%; fibra bruta max(%) 5 a 7; matéria mineral(%): 10 a 14; extrato etéreo  min (%): 4 a 6; calcio max: 2 a 3,5; fósforo min (%): 0,5 a 1; umidade (%): 12 a 13; vitamina a (ui): 4.000 a 9.000; vitamina d3 (ui): 2400 a 2.500; vitamina e (mg): 100 ; vitamina k3 (mg): 13; tiamina b1 (mg): 15 a 20; piridoxina b6 (mg): 15 a 20; riboflavina b2 (mg:) 20; vitamina b12 (mg): 20 a 25; acido pantotênico (mg):40 a 50; niacina (mg): 80 a 100; colina (mg): 1000; biotina (mg): 0,5; inositol (mg): 80 a 100; acido folico (mg): 3 a 5; vitamina c fosf. (mg): 300; manganes (mg): 20 a 25; zinco (mg): 100; ferro (mg): 70 a 80; cobre (mg): 6 a 9; cobalto (mg): 0,2; iodo (mg); 0,6; selenio (mg): 0,12 a 0,3.","kg",6000,3.77,{"$f":"E8*F8","v":22620}]
[5,296260,"Ração para peixes com 28% proteína bruta. Validade mínima 180 dias. Apresentação: pelet extrusada: tamanho (mm); 6 a 8; proteína bruta (%): 28% ; fibra bruta max(%) 5 a 7; matéria mineral(%): 10 a 14; extrato etéreo  min (%): 4 a 6; cálcio max: 2 a 3,5; fósforo min (%): 0,5 a 1; umidade (%): 12 a 13; vitamina a (ui): 4.000 a 9.000; vitamina d3 (ui): 2400 a 2.500; vitamina e (mg): 100 ; vitamina k3 (mg): 13; tiamina b1 (mg): 15 a 20; piridoxina b6 (mg): 15 a 20; riboflavina b2 (mg:) 20; vitamina b12 (mg): 20 a 25; acido pantotênico (mg):40 a 50; niacina (mg): 80 a 100; colina (mg): 1000; biotina (mg): 0,5; inositol (mg): 80 a 100; acido folico (mg): 3 a 5; vitamina c fosf. (mg): 300; manganes (mg): 20 a 25; zinco (mg): 100; ferro (mg): 70 a 80; cobre (mg): 6 a 9; cobalto (mg): 0,2; iodo (mg); 0,6; selenio (mg): 0,12 a 0,3.","kg",6000,3.6,{"$f":"F9*E9","v":21600}]
[6,286132,"Ração Peixe e/ou Camarão Apresentação: Cistos De Artemia Seco , Características Adicionais: Taxa De Eclosão Maior Que 75% , marca : Artemia Salina, pacote de 1 kg embalado à vácuo","kg",20,620.47,{"$f":"F10*E10","v":12409.400000000001}]
[]
[{"$nulls":5},"VALOR GLOBAL",{"$f":"SUM(G5:G10)","v":206029.4}]